| 000 | 00787nam a22002777a 4500 | ||
|---|---|---|---|
| 001 | BR8902467 | ||
| 003 | BR-BrBNA | ||
| 005 | 20230928093225.0 | ||
| 007 | ta | ||
| 008 | 230509b bl.||||| |||| 00| 0 por d | ||
| 040 |
_aBR-BrBNA _bpor _cBiblioteca Nacional de Agricultura |
||
| 041 | _a(Por) | ||
| 072 |
_aE20; P01 _b/G514 |
||
| 090 | _ E20 BR8902467 | ||
| 110 | 1 |
_aCompanhia Vale do Rio Doce, Rio de Janeiro, RJ (Brasil) _92502 |
|
| 245 | 1 | _aRelatorio anual 1986 [Companhia Vale do Rio Doce] | |
| 260 | 3 |
_aRio de Janeiro, RJ (Brasil): _c1986. |
|
| 300 | _a60 p. | ||
| 650 | _aRECURSO NATURAL | ||
| 650 | _aEMPRESA AGRICOLA | ||
| 650 | _aDESENVOLVIMENTO ECONOMICO | ||
| 650 | _aINVESTIMENTO | ||
| 650 | _aORCAMENTO | ||
| 909 |
_a202309 _bLucia _c55 _dLucia Elande |
||
| 942 | _cBK | ||
| 999 |
_c43721 _d43721 |
||